| 000 | 00955nam a2200301Ia 4500 | ||
|---|---|---|---|
| 003 | OSt | ||
| 005 | 20221007125703.0 | ||
| 006 | a|||||r|||| 00| 0 | ||
| 007 | ta | ||
| 008 | 221006b |||||||| |||| 00| 0 eng d | ||
| 020 |
_a0195685083 (pbk) _cRs.795.00 |
||
| 024 | _a76191 | ||
| 037 |
_b62, 04/12/2006, Dhanraj Book House _cTextbook |
||
| 040 |
_aCDL _cCDL _beng |
||
| 041 |
_2eng _aeng |
||
| 082 | _aLZ3:(E), N5;P5;2 Carc | ||
| 100 | _aPatrick Graham L | ||
| 245 | 0 | _aIntroduction to medicinal chemistry | |
| 250 | _a3 | ||
| 260 |
_aOxford _bOxford University Press _c2005 |
||
| 300 |
_axxvi, 741p. _ccm. |
||
| 500 | _aAppendix 1-6, 675-693p.; Glossary 695-710p.; Index 713-741p. | ||
| 650 | _a Drug design | ||
| 650 |
_a Medicinal chemistry _9712223 |
||
| 650 | _aChemistry | ||
| 942 |
_hLZ3:(E), N5;P5;2 Carc _cTB _2CC |
||
| 999 |
_c1215704 _d1215704 |
||